El Derecho Penal y la Criminologa̕ Su prc̀tica en Angola, Cuba y Ecuador en el siglo XXI /

Detalles Bibliográficos
Autor principal: Medina Cuenca, Arnel
Formato: eBook
Lenguaje:español
Publicado: La habana: Unin̤ Nacional de Juristas de Cuba, 2019
Colección:Serie Ciencias Penales y Criminolg̤icas
Materias:
Acceso en línea:Acceso restringido

MARC

LEADER 00000nam a22000007a 4500
005 20200602162839.0
007 cr|||| ||||
008 200602s2019 cu |||||s|||| 00||0 spa d
020 |a 978-959-7219-59-0 
035 |a 31618 
040 |a vLex 
090 |c 10500  |d 10500 
100 1 |a Medina Cuenca, Arnel 
245 1 2 |a El Derecho Penal y la Criminologa̕  |h [Recurso electrn̤ico] :  |b Su prc̀tica en Angola, Cuba y Ecuador en el siglo XXI /  |c Arnel Medina Cuenca 
256 |a Servicio en ln̕ea 
260 |a La habana:  |b Unin̤ Nacional de Juristas de Cuba,  |c 2019 
300 |a 1 recurso electrn̤ico 
490 0 |a Serie Ciencias Penales y Criminolg̤icas 
500 |a El Departamento de Ciencias Penales y Criminolg̤icas de la Facultad de Derecho de la Universidad de La Habana, con el auspicio de la Sociedad cubana de Ciencias Penales convoca cada aǫ, en el marco del “Encuentro Internacional: Escuela de Verano de la Habana sobre Temas Penales Contemporǹeos”, desde el aǫ 2015 un “Seminario Internacional sobre el Derecho penal y la Criminologa̕. Su prc̀tica en Angola, Cuba, Ecuador y Guatemala en el Siglo XXI”, en el que nuestros profesores y sus discp̕ulos del programa de doctorado presentan de manera conjunta sus avances investigativos, lo que lo ha convertido en un importante fr̤um de debate sobre los problemas actuales de las Ciencias Penales y Criminolg̤icas. Por primera vez, se publican los resultados de las investigaciones, que se debaten anualmente en estos Seminarios Internacionales, por aspirantes y profesores del Departamento de Ciencias Penales y Criminolg̤icas, que estǹ integradas al Programa Doctoral en Ciencias Jurd̕icas de la Facultad de Derecho de la Universidad de La Habana, acreditado de excelencia por la Junta de Acreditacin̤ Nacional y ganador del Premio a la calidad del Postgrado en Iberoamřica, 9® Convocatoria 2016–2017. 
506 1 |a Disponible solo en los productos indicados  |d vLex Global  |d vLex Global (Academic Edition, excluding Law Schools)  |d vLex Global (U.S. Academic Edition, Law Schools)  |d vLex Global (U.S. Academic Edition, excluding Law Schools)  |d vLex Global (Academic Edition, Law Schools) 
650 0 4 |a Derecho Penal  |z Cuba 
740 0 |a vLex Libros (Servicio en ln̕ea) 
856 4 0 |u http://vlex.com/source/derecho-penal-y-la-criminologia-su-practica-en-angola-cuba-y-ecuador-en-el-siglo-xxi-31618  |z Acceso restringido 
942 |c BOOK 
999 0 |a Criminal law